Reform Party Candidates for President and Vice President - Statistics

General Stats
  • This quiz has been taken 5 times
  • The average score is 6 of 16
Answer Stats
Election Answer % Correct
1996 Ross Perot
100%
2000 Pat Buchanan
60%
1996 Pat Choate
60%
2000 Ezola Foster
40%
2004 Ralph Nader
40%
2016 Rocky De La Fuente
40%
2020 Rocky De La Fuente
40%
2012 Andre Barnett
20%
2020 Darcy Richardson
20%
2008 Frank McEnulty
20%
2012 Ken Cross
20%
2016 Michael Steinberg
20%
2024 Nicole Shanahan
20%
2004 Peter Camejo
20%
2024 Robert F. Kennedy Jr.
20%
2008 Ted Weill
20%
No matching quizzes found
Score Distribution
Percent of People with Each Score
Percentile by Number Answered
Your Score History
You have not taken this quiz